000 00937nam a2200301 i 4500
001 8677
003 KOSZ 005
005 20191009113742.0
008 070716s1970 pl a f 000 0 pol
015 _aPB 1970/5440
040 _aWA N
_cWA N
_dKOSZ 005/RW
_dKOSZ 005/HR
046 _k1970
080 _a536
100 1 _aMiller, Danuta
_d(1929-2006).
_eAutor
245 1 0 _aPirometry /
_cDanuta Miller.
260 _aWarszawa :
_bWydawnictwa Naukowo-Techniczne,
_c1970.
300 _a216, [1] s. :
_bil. ;
_c23 cm.
380 _aKsiążki.
388 _a1901-2000
504 _aBibliogr. s. 219-[220].
658 _aFizyka i astronomia
650 4 _aPomiary
650 4 _aUrządzenia
650 4 _aTemperatura
710 2 _aWydawnictwa Naukowo-Techniczne
_4pbl.
856 _uhttp://koha.tu.koszalin.pl/cgi-bin/koha/opac-detail.pl?biblionumber=8677
_yKatalog online BPK
942 _2UKD
_cKS
999 _c8677
_d8677